| 000 | 01024nam a2200289 i 4500 | ||
|---|---|---|---|
| 001 | 79431 | ||
| 003 | ES-MaACL | ||
| 005 | 20250915063036.0 | ||
| 007 | t| | ||
| 008 | 041021s1980 sp ||||1| spa d | ||
| 017 |
_aM 32679-1980 _bOficina Depósito Legal Madrid |
||
| 020 | _a8423958558 | ||
| 040 | _cES-MaACL | ||
| 100 | 1 |
_aHentig, Hans von _962615 _eaut |
|
| 245 | 1 | 0 |
_aEl gángster / _cHans von Hentig ; traducción y notas de José María Rodríguez Devesa. |
| 260 |
_aMadrid : _bEspasa-Calpe, _c1980. |
||
| 300 |
_a318 páginas ; _c22 cm. |
||
| 490 | 1 |
_aEstudios de psicología criminal ; _vV |
|
| 650 | 4 |
_aDelincuentes- _xPsicología _911556 |
|
| 650 | 0 | 4 |
_aCrimen organizado _911415 |
| 700 | 1 |
_aRodríguez Devesa, José María _998493 _etrl |
|
| 830 | 1 |
_9184839 _aEstudios de psicología criminal ; _vV |
|
| 852 |
_aES-MaACL _jL-419 _bR.101320 _982380 _cDEPO2 _xEncuadernación rústica |
||
| 942 |
_cMONOGRAFIA _n0 |
||
| 999 |
_c79431 _d79431 |
||